ARRUPE JESUIT UNIVERSITY

CORONAVIRUS -STOP THE SPREAD - CLEAN,DISINFECT,COVER

Religions of the East (Record no. 5300)

MARC details
000 -LEADER
fixed length control field 00591nam a2200229Ia 4500
003 - CONTROL NUMBER IDENTIFIER
control field 0100
008 - FIXED-LENGTH DATA ELEMENTS--GENERAL INFORMATION
fixed length control field 130227s9999 xx 000 0 und d
020 ## - INTERNATIONAL STANDARD BOOK NUMBER
International Standard Book Number 0664248373
040 ## - CATALOGING SOURCE
Transcribing agency ARRUPELIB
050 ## - LIBRARY OF CONGRESS CALL NUMBER
Classification number BL1032.K5 1968
100 ## - MAIN ENTRY--PERSONAL NAME
Personal name Kitagawa, Joseph Mitsuo
245 ## - TITLE STATEMENT
Title Religions of the East
260 ## - PUBLICATION, DISTRIBUTION, ETC. (IMPRINT)
Place of publication, distribution, etc Philadelphia
260 ## - PUBLICATION, DISTRIBUTION, ETC. (IMPRINT)
Name of publisher, distributor, etc Westminster Press
260 ## - PUBLICATION, DISTRIBUTION, ETC. (IMPRINT)
-- 1968
300 ## - PHYSICAL DESCRIPTION
Extent 351p
300 ## - PHYSICAL DESCRIPTION
Other physical details 20cm
650 ## - SUBJECT ADDED ENTRY--TOPICAL TERM
Topical term following geographic name as entry element Women in development - Tanzania
650 ## - SUBJECT ADDED ENTRY--TOPICAL TERM
Location of event Women - Government policy - Tanzania
650 ## - SUBJECT ADDED ENTRY--TOPICAL TERM
Active dates Women - Tanzania - Social conditions
942 ## - ADDED ENTRY ELEMENTS (KOHA)
Source of classification or shelving scheme Library of Congress Classification
Koha issues (borrowed), all copies 4
Holdings
Withdrawn status Lost status Source of classification or shelving scheme Damaged status Not for loan Collection code Home library Current library Shelving location Date acquired Total Checkouts Full call number Barcode Date last seen Date last borrowed Copy number Price effective from Koha item type
    Library of Congress Classification     Main Collection ARRUPE LIBRARY ARRUPE LIBRARY   27/02/2013 11 BL1032.K5 1968 46406811 14/09/2023 06/09/2023 1 27/02/2013 Monograph ( Printed materials)

 

Arrupe Library. PO Box MP320 Mt Pleasant, Harare, Zimbabwe
263 242 745411|librarian@aju.ac.zw